| Tag |
First Indicator |
Second Indicator |
Subfields |
| LEADER |
00000cam a2200000Ka 4500 |
| 001 |
in00003510607 |
| 006 |
m o d |
| 007 |
cr bn||||||abp |
| 007 |
cr bn||||||ada |
| 008 |
100411s2001 au a ob 001 0 eng d |
| 005 |
20260421163814.1 |
| 019 |
|
|
|a 647876509
|
| 020 |
|
|
|a 9783709137048 (electronic bk.)
|
| 020 |
|
|
|a 3709137047 (electronic bk.)
|
| 020 |
|
|
|z 3211835989 (alk. paper)
|
| 020 |
|
|
|z 9783211835982 (alk. paper)
|
| 035 |
|
|
|a (OCoLC)606657729
|z (OCoLC)647876509
|
| 040 |
|
|
|a OCLCE
|b eng
|c OCLCE
|d OCLCQ
|d OCLCO
|d GW5XE
|d OCLCF
|d UtOrBLW
|
| 042 |
|
|
|a dlr
|
| 049 |
|
|
|a TXAM
|
| 050 |
|
4 |
|a RL97
|b .A835 2001
|
| 060 |
|
4 |
|a 2001 M-500
|
| 060 |
|
4 |
|a WR 200
|b A939 2001
|
| 072 |
|
7 |
|a RL
|2 lcco
|
| 082 |
0 |
4 |
|a 616.5/079
|2 21
|
| 084 |
|
|
|a YF 2522
|2 rvk
|
| 245 |
0 |
0 |
|a Autoimmune diseases of the skin :
|b pathogenesis, diagnosis, management /
|c Michael Hertl (ed.).
|
| 264 |
|
1 |
|a Wien ;
|a New York :
|b Springer,
|c [2001]
|
| 264 |
|
4 |
|c ©2001
|
| 300 |
|
|
|a 1 online resource (xvii, 373 pages) :
|b illustrations
|
| 336 |
|
|
|a text
|b txt
|2 rdacontent
|
| 337 |
|
|
|a computer
|b c
|2 rdamedia
|
| 338 |
|
|
|a online resource
|b cr
|2 rdacarrier
|
| 504 |
|
|
|a Includes bibliographical references and index.
|
| 538 |
|
|
|a Master and use copy. Digital master created according to Benchmark for Faithful Digital Reproductions of Monographs and Serials, Version 1. Digital Library Federation, December 2002.
|u http://purl.oclc.org/DLF/benchrepro0212
|5 MiAaHDL
|
| 583 |
1 |
|
|a digitized
|c 2010
|h HathiTrust Digital Library
|l committed to preserve
|2 pda
|5 MiAaHDL
|
| 588 |
|
|
|a Description based on print version record.
|
| 505 |
0 |
|
|a Pathogenesis of Autoimmune Disease (Martin Rcken/Tilo Biedermann) -- Epidemiology of Autoimmune Skin Disorders (Berthold Rzany/Niels Weller) -- Autoimmune Bullous Skin Disorders: Pemphigus (Michael Hertl); Bullous Pemphigoid and Related Subepidermal Bullous Disorders (Emmanuel Laffitte/Luca Borradori); Dermatitis Herpetiformis Duhring (Christian Rose/Detlef Zillikens); Epidermolysis Bullosa Acquisita (Mei Chen, Dafna Hallel-Halevy, Celina Nadelman/David T. Woodley) -- Scleroderma: Localized Scleroderma (Catherine H. Orteu/Jan P. Dutz); Progressive Systemic Scleroderma (Nicolas Hunzelmann/Thomas Krieg) -- Lupus Erythematosus: Chronic Cutaneous Lupus Erythematosus (Michael Sticherling); Subacute Cutaneous and Systemic Lupus Erythematosus (Donna M. Pellowski/Richard D. Sontheimer) -- Dermatomyositis (Jeffrey P. Callen) -- Mixed Connective Tissue Disease (Reiji Kasukawa) -- Sjogren's Syndrome (Robert I. Fox) -- Psoriasis Vulgaris and Arthropathica (Jrg Ch. Prinz) -- Chronic Urticaria as a New Autoimmune Disease? (Malcolm W. Greaves) -- Lichen Planus, Lichenoid Eruptions and Cutaneous Graft-Versus-Host Reaction (Mikls Simon Jr.) -- Small Vessel Vasculitides (Peter Lamprecht/Wolfgang L. Gross) -- Novel Therapeutic Approaches in Autoimmune Skin Disorders (Sybille Thoma-Uszynski/Michael Hertl).
|
| 520 |
|
|
|a Cutaneous autoimmune diseases of the skin remain an enigma for many clinicians and scientists who are not familiar with these mostly severe and chronic diseases. The book presented provides an overview and the latest information on the broad spectrum of cutaneous autoimmune disorders for clinicians, scientists and practitioners in dermatology, medicine, rheumatology, ENT, pediatrics and ophthalmology. The book is unique since it presents the state-of-the-art knowledge on pathophysiology, clinical diagnosis and management of these disorders provided by the world experts in the field. The primary intention is to broaden the understanding of the pathophysiology of cutaneous autoimmune disorders and to provide a practical guide to how to identify and handle these conditions. The book is illustrated with many tables, illustrative figures and clinical color photographs.
|
| 500 |
|
|
|a Electronic resource.
|
| 650 |
|
0 |
|a Skin
|x Diseases
|x Immunological aspects.
|
| 650 |
|
0 |
|a Autoimmune diseases.
|
| 650 |
1 |
2 |
|a Skin Diseases, Vesiculobullous.
|
| 650 |
2 |
2 |
|a Autoimmune Diseases.
|
| 650 |
2 |
2 |
|a Dermatomyositis.
|
| 650 |
2 |
2 |
|a Lupus Erythematosus, Cutaneous.
|
| 650 |
2 |
2 |
|a Scleroderma, Localized.
|
| 650 |
0 |
7 |
|a Autoaggressionskrankheit.
|2 swd
|
| 650 |
0 |
7 |
|a Haut.
|2 swd
|
| 650 |
1 |
7 |
|a Dermatoses vésiculobulleuses.
|2 fmesh
|
| 650 |
2 |
7 |
|a Maladies auto-immunes.
|2 fmesh
|
| 650 |
2 |
7 |
|a Dermatomyosite.
|2 fmesh
|
| 650 |
2 |
7 |
|a Lupus érythémateux cutané.
|2 fmesh
|
| 650 |
2 |
7 |
|a Sclérodermie localisée.
|2 fmesh
|
| 650 |
|
7 |
|a Peau
|x Maladies.
|2 ram
|
| 650 |
|
7 |
|a Autoimmune diseases.
|2 fast
|0 (OCoLC)fst00822663
|
| 650 |
|
7 |
|a Skin
|x Diseases
|x Immunological aspects.
|2 fast
|0 (OCoLC)fst01120078
|
| 655 |
|
7 |
|a Electronic books.
|2 local
|
| 700 |
1 |
|
|a Hertl, Michael.
|
| 710 |
2 |
|
|a SpringerLink (Online service)
|
| 776 |
1 |
8 |
|i Print version:
|t Autoimmune diseases of the skin.
|d Wien ; New York : Springer, c2001
|w (DLC) 2001049490
|w (OCoLC)47892831
|
| 856 |
4 |
0 |
|u http://proxy.library.tamu.edu/login?url=https://link.springer.com/10.1007/978-3-7091-3704-8
|z Connect to the full text of this electronic book
|t 0
|
| 994 |
|
|
|a 92
|b TXA
|
| 999 |
|
|
|a MARS
|
| 999 |
f |
f |
|s 3d3be11c-9a69-3940-a7e3-866fa7976bff
|i 644ff7dc-94f2-35b2-97b5-8c6264adc7fb
|t 0
|
| 952 |
f |
f |
|a Texas A&M University
|b College Station
|c Electronic Resources
|s www_evans
|d Available Online
|t 0
|e RL97 .A835 2001
|h Library of Congress classification
|
| 998 |
f |
f |
|a RL97 .A835 2001
|t 0
|l Available Online
|